Wards of Lewisham, London (2002 - 2022) - Statistics

General Stats
  • This quiz has been taken 13 times
  • The average score is 6 of 18
Answer Stats
Answer % Correct
Blackheath
73%
Brockley
73%
Ladywell
64%
New Cross
55%
Bellingham
45%
Grove Park
45%
Downham
36%
Forest Hill
36%
Lewisham Central
36%
Catford South
27%
Crofton Park
27%
Sydenham
27%
Evelyn
18%
Telegraph Hill
18%
Lee Green
9%
Whitefoot
9%
Perry Vale
0%
Rushey Green
0%
No matching quizzes found
Score Distribution
Percent of People with Each Score
Percentile by Number Answered
Your Score History
You have not taken this quiz